IFM Opac

Developing executive talent (Record no. 16527)

MARC details
000 -LEADER
fixed length control field 00301nam a22001217a 4500
020 ## - INTERNATIONAL STANDARD BOOK NUMBER
International Standard Book Number 0070844577
082 ## - DEWEY DECIMAL CLASSIFICATION NUMBER
Classification number 658.407 FAR
100 ## - MAIN ENTRY--PERSONAL NAME
Personal name Farnsworth,Terry
245 ## - TITLE STATEMENT
Title Developing executive talent
260 ## - PUBLICATION, DISTRIBUTION, ETC.
Place of publication, distribution, etc. England
Name of publisher, distributor, etc. McGRAW-HILLbook company (UK) ltd
Date of publication, distribution, etc. 1975
300 ## - PHYSICAL DESCRIPTION
Extent ix,162p
Other physical details 24cm.
942 ## - ADDED ENTRY ELEMENTS (KOHA)
Koha item type Books
Holdings
Withdrawn status Lost status Source of classification or shelving scheme Damaged status Not for loan Home library Current library Shelving location Date acquired Full call number Barcode Date last seen Price effective from Koha item type
Withdrawn   Dewey Decimal Classification     IFM Main Campus Library IFM Main Campus Library   09/29/2016 658.407 FAR 0000011291 09/29/2016 09/29/2016 Books